Pekárna splněných přání /

Uloženo v:
Hlavní autor: Davies, Emma (Autor)
Další autoři: Tobiášová, Soňa (Autor)
Médium: Kniha
Jazyk:Czech
Vydáno: Frýdek-Místek : Alpress, 2026
Vydání:Vydání první
Edice:Klokan (Alpress)
Témata:
Celkem bylo vypůjčeno:0x
Tagy:
Žádné tagy
LEADER 01503nam a2200421 i 4500
001 106732
003 CZ PrNK
005 20260703111151.0
007 ta
008 260519s2026 xr g 000 f cze
015 |a cnb003758760 
020 |a 9788076956841  |q (vázáno) 
040 |a BOA001  |b cze  |e rda 
041 1 |a cze  |h eng 
072 7 |a 821.111-3  |x Anglická próza, anglicky psaná  |2 Konspekt  |9 25 
080 |a 821.111-31  |2 MRF 
080 |a (0:82-31)-055.2  |2 MRF 
100 1 |a Davies, Emma  |7 xx0233781  |4 aut  |9 117571 
240 1 0 |a Midnight bakery.  |l Česky 
245 1 0 |a Pekárna splněných přání /  |c Emma Davies ; z anglického originálu The midnight bakery ... přeložila Soňa Tobiášová 
250 |a Vydání první 
264 1 |a Frýdek-Místek :  |b Alpress,  |c 2026 
300 |a 268 stran ;  |c 21 cm 
336 |a text  |b txt  |2 rdacontent 
337 |a bez média  |b n  |2 rdamedia 
338 |a svazek  |b nc  |2 rdacarrier 
490 1 |a Klokan 
655 7 |a anglické romány  |7 fd131814  |2 czenas  |9 53421 
655 7 |a romány pro ženy  |7 fd187897  |2 czenas  |9 115 
655 9 |a English fiction  |2 eczenas 
655 9 |a women's novels  |2 eczenas 
700 1 |a Tobiášová, Soňa  |7 ola2004212042  |4 trl  |9 21840 
710 2 |a Alpress (nakladatelství)  |7 xx0213868  |4 pbl  |9 117194 
830 0 |a Klokan (Alpress) 
910 |a UOG502 
942 |2 ddc  |c KN 
999 |d 106732 
993 |0 0  |1 421180107462  |2 ddc  |4 0  |7 0  |9 100247  |b 0  |c 107462  |d 2026-07-03  |e 0  |f DOSP  |h 369.00  |i Koupě  |l DOSP  |r 2026-07-03  |t 6  |w 2026-07-03  |y KN  |z BELET  |n